|
|
|
|
| LEADER |
00000nam a2200000Ia 4500 |
| 008 |
181001b2002 s ||||| |||| 00| 0 spa d |
| 999 |
|
|
|c 2519
|d 2519
|
| 090 |
|
|
|a CD #74 (Material perdido)
|
| 100 |
|
|
|a Jara Holliday, Oscar
|9 1903
|
| 245 |
1 |
0 |
|a Desafío Político de aprender de nuestras prácticas /
|c Oscar Jara H.
|
| 260 |
|
|
|a España :
|b s.n.,
|c 2002
|
| 300 |
|
|
|a disco compacto
|
| 500 |
|
|
|a Ponencia presentada en el evento inagural del Encuentro Internacional sobre Educación Popular y Educación para el Desarrollo
|
| 650 |
1 |
4 |
|9 1904
|a EDUCACIÓN POPULAR
|
| 942 |
|
|
|i 001867
|h CD #74 (Material perdido)
|2 z
|c 08
|